Guess a Country A-Z by Fact - Statistics

General Stats
  • This quiz has been taken 42 times
  • The average score is 18 of 24
Answer Stats
Letter Fact Country % Correct
O Alcohol can only be bought with a license in this country Oman
97%
V The smallest country in the world Vatican City
97%
F The world's happiest country Finland
95%
K Was the last country to leave the USSR Kazakhstan
95%
Y This country is in war since 2015 Yemen
95%
I A second most populous country India
92%
P This country is in conflict with India Pakistan
89%
Q Is the second flattest country in the world Qatar
89%
S The youngest country in the world South Sudan
87%
T This country has a tallest mountain in Africa Tanzania
87%
Z Was named after the fourth biggest river in Africa Zambia
87%
J Is home to the Dead Sea Jordan
84%
H This country is called Magyarország on it's language Hungary
79%
E This country had a name Swaziland Eswatini
71%
N The capital of this country is Niamey Niger
71%
U A popular meme: .... knuckles Uganda
66%
A The world’s only co-principality Andorra
63%
L It’s home to the oldest city in the world Lebanon
63%
C This country has two official currencies China
61%
M Name of this country means 'Black Mountain' in Spanish Montenegro
61%
B National symbol of this country is a peeing boy Belgium
58%
R It's home to the world's heaviest building Romania
58%
D This country has the second-largest boiling lake in the world Dominica
42%
G Home to the world’s first underwater garden Grenada
34%
No matching quizzes found
Score Distribution
Percent of People with Each Score
Percentile by Number Answered
Your Score History
You have not taken this quiz